000 02472nam0a2200325 4500
001 RU\NLR\BIBL_A\012060835
005 20260409080353.0
010 _a978-5-7310-4534-6
_9500
021 _aRU
_b2019-46045
_9КН-П-3365
035 _a(NLR Aleph) 012060835
035 _a(RuMoRGB)010019728
090 _a11703523
_c11703523
100 _a20190719d2019 |||y0rusy50 ca
101 0 _arus
_aeng
102 _aRU
105 _ay|||z|||100zy
200 1 _aСтратегия развития России: факторы формирования и инструменты реализации цифровой экономики
_eматериалы студенческой научной конференции (весенняя сессия), 7-28 апреля 2018 года
_fМинистерство науки и высшего образования Российской Федерации, Федеральное государственное бюджетное образовательное учреждение высшего образования "Санкт-Петербургский государственный экономический университет"
_gпод научной редакцией доктора экономических наук, профессора Е.А. Горбашко
210 _aСанкт-Петербург
_cИзд-во Санкт-Петербургского государственного экономического университета
_d2019
215 _a217 с.
_cил., табл.
_d20
300 _aЧасть текста на англ. яз.
606 _aЦифровая экономика
_yРоссийская Федерация
_jСъезды, совещания и т.п
_3RU\NLR\AUTH\6601752480
_92664453
686 1 _aУ39(2)я431
702 1 _aГорбашко
_bЕ. А.
_f1958-
_gЕлена Анатольевна
_4340
711 0 2 _aСанкт-Петербургский государственный экономический университет
_bСтуденческая научная конференция
_f2018, апрель
_9672222
_3RU\NLR\AUTH\880506136
942 _cBOOK
980 _aNBR
980 _aNB